000 00399 a2200109 4500
001 ART_45563
005 20260410161630.0
008 260409a
245 1 0 _aNueva versión de la resolución técnica 22 a partir de las modificaciones previstas por la resolución técnica 46 de la FACPCE
100 1 _aTorres, Carlos Federico
773 0 _tEnfoques
_g- Nº 3 (mar. 2018)
_wREV416
999 _c12351
_d12351